| 000 | 00554cab a2200205 4500 | ||
|---|---|---|---|
| 001 | ABS42938 | ||
| 008 | 090401t1990 xxu||||| |||| 00| 0 eng d | ||
| 035 | _a(Sirsi) u39651 | ||
| 041 | _aeng | ||
| 100 | _aVan den Bos, J. | ||
| 245 | _aNew waltz for Vienna | ||
| 260 | _c1990 | ||
| 350 | _a0 | ||
| 490 |
_aWorld Property _vJune 1990, 32-33(2) |
||
| 520 | _aReviews the growing commercial property market of Vienna with the opening up of Eastern Europe . | ||
| 650 | _aAUSTRIA | ||
| 690 | _aOVERSEAS-EUROPE | ||
| 942 | _n0 | ||
| 948 | _c04/03/1997 | ||
| 999 |
_c25412 _d25412 |
||